Ponencias presentadas por la Facultad de Ciencias Sociales de la Universidad Nacional

Gardado en:
Detalles Bibliográficos
Formato: Desconocido
Publicado: Heredia: UNA. FCS.
Etiquetas: Engadir etiqueta
Sen Etiquetas, Sexa o primeiro en etiquetar este rexistro!

MARC

LEADER 00000 a2200000 04500
001 5559
003
008 991231s d
040
090 |a 122903  
245 |a Ponencias presentadas por la Facultad de Ciencias Sociales de la Universidad Nacional  
260 |a Heredia:   |b UNA. FCS.  
300 |a p. irreg  
999 |c 5462  |d 5462